Home Print Resources E-Books E-Journals IIMT Lecture Series Library Membership Form Book Recommendation Form Campus Tour Take AdmissionAbout Us Contact Us

THE COMPLETE REFERENCE JAVA -2 (Record no. 5321)

000 -LEADER
fixed length control field 00358nam a2200157Ia 4500
003 - CONTROL NUMBER IDENTIFIER
control field OSt
005 - DATE AND TIME OF LATEST TRANSACTION
control field 20231205061821.0
008 - FIXED-LENGTH DATA ELEMENTS--GENERAL INFORMATION
fixed length control field 170524s9999 xx 000 0 und d
020 ## - INTERNATIONAL STANDARD BOOK NUMBER
International Standard Book Number 9780070636774
040 ## - CATALOGING SOURCE
Transcribing agency IIMT UNIVERSITY
100 ## - MAIN ENTRY--PERSONAL NAME
Personal name Schieldt Herbert
245 #4 - TITLE STATEMENT
Title THE COMPLETE REFERENCE JAVA -2
260 ## - PUBLICATION, DISTRIBUTION, ETC.
Name of publisher, distributor, etc. TMH
260 ## - PUBLICATION, DISTRIBUTION, ETC.
Date of publication, distribution, etc. 2007
942 ## - ADDED ENTRY ELEMENTS (KOHA)
Source of classification or shelving scheme
Koha item type Book Bank
Holdings
Withdrawn status Lost status Source of classification or shelving scheme Damaged status Not for loan Home library Current library Date acquired Total Checkouts Barcode Date last seen Date last checked out Price effective from Koha item type Checked out
          IIMT University Central Library Meerut IIMT University Central Library Meerut 06/01/2017 4 01-B-44096 01/14/2026 09/12/2025 06/01/2017 Book Bank  
          IIMT University Central Library Meerut IIMT University Central Library Meerut 06/01/2017 4 01-B-44097 01/30/2025 10/07/2024 06/01/2017 Book Bank  
          IIMT University Central Library Meerut IIMT University Central Library Meerut 06/01/2017 3 01-B-44098 02/03/2025 09/09/2024 06/01/2017 Book Bank  
          IIMT University Central Library Meerut IIMT University Central Library Meerut 06/01/2017 4 01-B-44099 09/20/2024 09/20/2024 06/01/2017 Book Bank 01/31/2025
          IIMT University Central Library Meerut IIMT University Central Library Meerut 06/01/2017 4 01-B-44100 06/21/2025 03/27/2025 06/01/2017 Book Bank  
          IIMT University Central Library Meerut IIMT University Central Library Meerut 06/01/2017 7 01-B-44101 02/16/2026 02/16/2026 06/01/2017 Book Bank 07/31/2026
          IIMT University Central Library Meerut IIMT University Central Library Meerut 06/01/2017 5 01-B-44102 01/25/2025 09/14/2024 06/01/2017 Book Bank  
          IIMT University Central Library Meerut IIMT University Central Library Meerut 06/01/2017 2 01-B-44103 12/16/2017 12/16/2017 06/01/2017 Book Bank 07/09/2018
          IIMT University Central Library Meerut IIMT University Central Library Meerut 06/01/2017 4 01-B-44104 02/08/2025 09/30/2024 06/01/2017 Book Bank  
          IIMT University Central Library Meerut IIMT University Central Library Meerut 06/01/2017 4 01-B-44105 01/31/2025 09/17/2024 06/01/2017 Book Bank  
IIMT, Central Library. All Rights Reserved IIMT,UNIVERSITY © 2023
Implemented and Customised by I CLOUDE EMS
You Are OPAC Visitor No
free web counter

Powered by Koha